Представление документа в формате MARC21

ПолеНазваниеЗначение
  Тип записи a
  Библиографический уровень m
001 Контрольный номер RU\infra-m\znanium\bibl\2252560
005 Дата корректировки 20260429142058.4
008 Кодируемые данные 260406s2026 RU g rus u
020 Индекс ISBN __
a ISBN 978-5-9275-5119-4
040 Источник каталогиз. __
a Служба первич. каталог. Общество с ограниченной ответственностью «ЗНАНИУМ»
041 Код языка издания __
a Код языка текста rus
044 Код страны публикации __
a Код страны публикации RU
080 Индекс УДК __
a Индекс УДК 31
084 Индекс другой классификации/Индекс ББК __
2 Источник индекса rubbk
a Индекс другой классификации/Индекс ББК 60
084 Индекс другой классификации/Индекс ББК __
2 Источник индекса rubbk
a Индекс другой классификации/Индекс ББК 87
084 Индекс другой классификации/Индекс ББК __
2 Источник индекса okso
a Индекс другой классификации/Индекс ББК 39.03.01
100 Автор __
a Автор Дятлов А.В.
q Полное имя Дятлов Александр Викторович
u Дополнение Южный федеральный университет
245 Заглавие __
a Заглавие Качественные методы в социальных науках интервью. Часть 1
b Продолж. заглавия Учебное пособие
c Ответственность Южный федеральный университет
250 Сведения об издании __
a Основные сведения об издании 1
260 Выходные данные __
a Место издания Ростов-на-Дону
b Издательство Издательство Южного федерального университета (ЮФУ)
c Дата издания 2025
300 Физическое описание __
a Объем 184 с.
520 Аннотация __
a Аннотация Учебное пособие предназначено для исследователей всех социальных наук но вероятно наиболее сильно заинтересует социологов философов социальных психологов политологов демографов маркетологов и пиарщиков как и всех тех кто имеет необходимость в изучении социальной действительности. Широта сделанных глубоких методических описаний анализа и рекомендаций делают пособие полезным как для начинающих исследователей и студентов так и для тех исследователей которые имеют многолетний опыт эмпирических социальных исследований.
521 Примеч. о цел. назн. __
a Примеч. о целев. назн. ВО - Бакалавриат
650 Тематические рубрики __
a Основная рубрика Политика. Социология
x Основная подрубрика Методы социологических исследований
655 Указ. предметных рубрик (устаревшее) __
a Жанр/ форма (устаревшее) Учебное пособие
700 Другие авторы __
a Другие авторы Лукичев П.Н.
q Полное имя Лукичев Павел Николаевич
700 Другие авторы __
a Другие авторы Ковалев В.В.
q Полное имя Ковалев Виталий Владимирович
u Дополнение Южный федеральный университет
856 Электронный адрес документа 4_
a Имя сервера/домена znanium.ru
m Помощь ebs_support@infra-m.ru
n Местонахождение сервера НИЦ ИНФРА-М
u URL https://znanium.ru/catalog/document?id=481184
856 Электронный адрес документа 48
a Имя сервера/домена znanium.ru
d Путь /cover/2252
f Электронное имя 2252560.jpg
q Тип электронного формата image/jpeg
u URL https://znanium.ru/cover/2252/2252560.jpg
911 __
u 0030=https://znanium.ru/catalog/document?id=481184